ბათუმის შოთა რუსთაველის სახელმწიფო უნივერსიტეტის ბიბლიოთეკა

Минеральные ресурсы ССР Грузии (ბიბ.ჩანაწერი № 45025)

000 -LEADER
fixed length control field 00555nam a2200193Ia 4500
001 - CONTROL NUMBER
control field 11846
003 - CONTROL NUMBER IDENTIFIER
control field GE_BSU
008 - FIXED-LENGTH DATA ELEMENTS--GENERAL INFORMATION
fixed length control field 181216s||||||||xx |||||||||||||| ||und||
040 ## - CATALOGING SOURCE
Transcribing agency GE_BSU
080 ## - UNIVERSAL DECIMAL CLASSIFICATION NUMBER
Universal Decimal Classification number 549(479.22)
245 ## - TITLE STATEMENT
Title Минеральные ресурсы ССР Грузии
245 ## - TITLE STATEMENT
Statement of responsibility, etc. Ред.кол. А.И.Джанелидзе
260 ## - PUBLICATION, DISTRIBUTION, ETC.
Place of publication, distribution, etc. Тифлис
260 ## - PUBLICATION, DISTRIBUTION, ETC.
Name of publisher, distributor, etc. Техника да шрома
260 ## - PUBLICATION, DISTRIBUTION, ETC.
Date of publication, distribution, etc. 1933
300 ## - PHYSICAL DESCRIPTION
Extent 1138стр.26см.
653 ## - INDEX TERM--UNCONTROLLED
Uncontrolled term Минеральные ресурсы ССР Гррузии
942 ## - ADDED ENTRY ELEMENTS (KOHA)
Koha item type წიგნი
ეგზემპლარები
Withdrawn status Lost status Damaged status Not for loan Date acquired Barcode Date last seen Price effective from Koha item type
        2018-12-17 20450 2018-12-17 2018-12-17 წიგნი